000 01006nam a2200289Ia 4500
003 OSt
005 20221007124244.0
006 a|||||r|||| 00| 0
007 ta
008 221006b |||||||| |||| 00| 0 eng d
020 _a9780486661445 (pbk)
024 _a126766
037 _b297, 15/03/2011, Dhanraj Book House
_cTextbook
040 _aCDL
_cCDL
_beng
041 _2eng
_aeng
082 _aC5:3, L8-;1 Carc
100 _aHarris Daniel C
245 0 _aSymmetry and spectroscopy:an introduction to vibrational and electronic spectroscopy
_b Bertolucci Michael D
260 _aNew
_bYork Dover Publications
_c1978
300 _axii, 550p.
_ccm.
500 _aIncludes bibliographical references.; Index 543-550p.
650 _a Spectroscopy
_9479665
650 _aChemistry
700 _a Bertolucci Michael D
942 _hC5:3, L8-;1 Carc
_cTB
_2CC
999 _c1213264
_d1213264